00373nam a2200109Ia 4500008004100000245011000041260002900151260000900180300000600189650001300195856005500208170516s9999 xx 000 0 und d 2aA Critical Appraisal of Solubility Enhancement Techniques of Polyphenols, Harkiran Kaur and Gurpreet Kaur bJournal of Pharmaceutics c2014 a: xPharmacy uhttps://www.hindawi.com/journals/jphar/contents/2/